| 000 | 00578nam a22002057a 4500 | ||
|---|---|---|---|
| 003 | OSt | ||
| 005 | 20160323142636.0 | ||
| 008 | 160323b xxu||||| |||| 00| 0 eng d | ||
| 020 | _a0273685201 | ||
| 040 | _cDDC, | ||
| 082 | _a657 ALE2004. | ||
| 100 |
_aAlexander ,David;Nobes,Christopher; _96769 |
||
| 245 |
_aFinancial Accounting. _bAn international Introduction. |
||
| 250 | _a2nd ed. | ||
| 260 |
_aEngland. _bFT Prentice Hall. _c2004. |
||
| 300 |
_axviii,477p; _bill; _c28cm. |
||
| 504 | _aincludes appendix and index. | ||
| 650 |
_aAccounting. _91379 |
||
| 942 |
_2ddc _cSLOAN |
||
| 999 |
_c3299 _d3299 |
||